[Event "WCh Candidates s/f"]
[Site "Elista RUS"]
[Date "2007.05.31"]
[Round "4"]
[White "Bareev,E"]
[Black "Polgar,Ju"]
[Result "1-0"]
[WhiteElo "2643"]
[BlackElo "2727"]
[EventDate "2007.05.27"]

1. d4 Nf6 2. c4 e6 3. Nf3 b6 4. g3 Bb7 5. Bg2 Be7 6. O-O O-O 7. Nc3 Ne4 8.
Qc2 Nxc3 9. Qxc3 c5 10. Rd1 d6 11. b3 Nd7 12. Bb2 Nf6 13. d5 exd5 14. cxd5
Re8 15. e4 Bf8 16. Nd2 b5 17. a4 b4 18. Qc2 g6 19. a5 Ba6 20. Bf1 Bxf1 21.
Rxf1 Bh6 22. f4 Bg7 23. Rfe1 Qd7 24. Nc4 Nh5 25. Rad1 Bxb2 26. Qxb2 Ng7 27.
Qg2 Rad8 28. g4 f6 29. h3 g5 30. fxg5 fxg5 31. e5 dxe5 32. d6 Qf7 33. Qd5
e4 34. Qxg5 Qf3 35. Qd5+ Re6 36. Re3 Rdxd6 37. Rxf3 Rxd5 38. Rxd5 exf3 39.
Kf2 Re2+ 40. Kxf3 Rc2 41. Rd8+ Kf7 42. Rd7+ Kg6 43. Rxa7 Ne6 44. Ke4 Nd4
45. h4 Rh2 46. a6 Nxb3 47. Kd5 Kf6 48. Rxh7 Ra2 49. a7 Nc1 50. Ne5 Rd2+ 51.
Kxc5 Ra2 52. Nd7+ Kg6 53. Nf8+ Kf6 54. Kxb4 1-0